Statistics for Famous Parents of Famous People

Click here to take the quiz!

General Stats

  • This quiz has been taken 146 times
  • The average score is 10 of 14

Answer Stats

Famous kidFamous mom or dad% Correct
Nancy SinatraFrank Sinatra
95%
Ziggy MarleyBob Marley
85%
Colin HanksTom Hanks
83%
Miley CyrusBilly Ray Cyrus
77%
Enrique IglesiasJulio Iglesias
77%
Nicole RichieLionel Richie
74%
Jane FondaHenry Fonda
73%
Liv TylerSteven Tyler
73%
Charlie SheenMartin Sheen
72%
Angelina JolieJon Voight
68%
Jamie Lee CurtisJanet Leigh or Tony Curtis
65%
Bridget FondaPeter Fonda
62%
Rashida JonesQuincy Jones
54%
Angelica HustonJohn Huston
50%

Score Distribution

Percentile by Number Answered

Percent of People with Each Score

Your Score History

You have not taken this quiz